[Event "2. Bundesliga West 2011/12"]
[Site "Kufstein"]
[Date "2012.01.28"]
[Round "7"]
[Board "2"]
[White "Fuchs, Georg"]
[Black "Novkovic, Milan"]
[Result "0-1"]
[WhiteElo "2289"]
[BlackElo "2381"]
[PlyCount "68"]
[EventDate "2011.10.07"]
[EventType "team"]
[EventRounds "11"]
[EventCountry "AUT"]
[WhiteTeam "Schwaz"]
[BlackTeam "Hohenems 2"]

1. e4 c5 2. Nf3 e6 3. b3 Nc6 4. Bb2 Nf6 5. e5 Nd5 6. c4 Nde7 7. Nc3 Ng6 8. Ne4
Qc7 9. Qe2 Ngxe5 10. Nxe5 Nxe5 11. Nxc5 Nxc4 12. Nxe6 dxe6 13. bxc4 Bd7 14. Bc3
Bc6 15. Qe3 h5 16. Rb1 Rh6 17. f4 Bd6 18. Bxg7 Bxf4 19. Qa3 O-O-O 20. Bd3 Rxd3
21. Qxd3 Rg6 22. Bd4 Rxg2 23. Rg1 Bxd2+ 24. Kd1 Ba4+ 25. Rb3 Rxg1+ 26. Bxg1 Bg5
27. Bxa7 Qxh2 28. Qd4 Qxa2 29. Qc5+ Kd7 30. Qd4+ Ke8 31. Qh8+ Ke7 32. Bc5+ Kd7
33. Qd4+ Kc8 34. Qh8+ Bd8 0-1

[Event "2. Bundesliga West 2011/12"]
[Site "Kufstein"]
[Date "2012.01.28"]
[Round "7"]
[Board "3"]
[White "Atlas, Dmitry"]
[Black "Blaas, Hansjoerg"]
[Result "0-1"]
[WhiteElo "2291"]
[BlackElo "2234"]
[PlyCount "70"]
[EventDate "2011.10.07"]
[EventType "team"]
[EventRounds "11"]
[EventCountry "AUT"]
[WhiteTeam "Hohenems 2"]
[BlackTeam "Schwaz"]

1. e4 c5 2. c3 d5 3. exd5 Qxd5 4. d4 Nc6 5. dxc5 Qxc5 6. Be3 Qa5 7. Na3 Nf6 8.
Nf3 g6 9. Nd4 Bg7 10. Bb5 Bd7 11. Nb3 Qc7 12. Nc5 Rd8 13. Nxd7 Rxd7 14. Qf3 Nd5
15. O-O O-O 16. Rad1 Rfd8 17. Ba4 a6 18. Bb3 Ne5 19. Qe4 Nxe3 20. Rxd7 Rxd7 21.
fxe3 e6 22. Nc4 f5 23. Nxe5 fxe4 24. Bxe6+ Kh8 25. Nxd7 Qd6 26. Bg4 Qd2 27. Rd1
Qxe3+ 28. Kh1 h5 29. Be6 Qe2 30. Bb3 e3 31. Nc5 Qxb2 32. Ne4 Bxc3 33. Rd8+ Kg7
34. Rd7+ Kh6 35. h3 Qb1+ 0-1

[Event "2. Bundesliga West 2011/12"]
[Site "Kufstein"]
[Date "2012.01.28"]
[Round "7"]
[Board "4"]
[White "Gruber, Michael"]
[Black "Gaertner, Guntram"]
[Result "0-1"]
[WhiteElo "2125"]
[BlackElo "2324"]
[PlyCount "98"]
[EventDate "2011.10.07"]
[EventType "team"]
[EventRounds "11"]
[EventCountry "AUT"]
[WhiteTeam "Schwaz"]
[BlackTeam "Hohenems 2"]

1. e4 c6 2. d4 d5 3. Nd2 dxe4 4. Nxe4 Bf5 5. Ng3 Bg6 6. Nf3 Nd7 7. Bd3 e6 8.
O-O Be7 9. Re1 Bxd3 10. Qxd3 Ngf6 11. Bg5 O-O 12. c3 Re8 13. Bxf6 Nxf6 14. Ne5
Bd6 15. Rad1 Qc7 16. Ne4 Nxe4 17. Rxe4 Rad8 18. Qe2 Bxe5 19. Rxe5 Rd5 20. Re1
Red8 21. g3 h6 22. Qc2 a6 23. Qb3 b5 24. Rxd5 cxd5 25. a3 Rc8 26. Ra1 Qc4 27.
Qxc4 bxc4 28. Re1 Rb8 29. Re2 g5 30. f3 Kf8 31. Kf1 Ke7 32. Ke1 Kd6 33. Kd1 f6
34. f4 a5 35. fxg5 hxg5 36. Rf2 Ke7 37. a4 Rh8 38. Kc2 e5 39. dxe5 fxe5 40. Kd2
Ke6 41. g4 Rh4 42. Rg2 Rh3 43. Rf2 e4 44. Ke2 Rh4 45. Ke3 Rxg4 46. Kd4 Rf4 47.
Rg2 g4 48. Rg3 Kd6 49. h3 Rf3 0-1

[Event "2. Bundesliga West 2011/12"]
[Site "Kufstein"]
[Date "2012.01.28"]
[Round "7"]
[Board "5"]
[White "Sandholzer, Robert"]
[Black "Kondrak, Christof"]
[Result "1-0"]
[WhiteElo "2158"]
[BlackElo "2176"]
[PlyCount "219"]
[EventDate "2011.10.07"]
[EventType "team"]
[EventRounds "11"]
[EventCountry "AUT"]
[WhiteTeam "Hohenems 2"]
[BlackTeam "Schwaz"]

1. e4 c5 2. c3 Nf6 3. e5 Nd5 4. Nf3 e6 5. Bc4 Nb6 6. Bb3 d6 7. exd6 Bxd6 8. O-O
O-O 9. d4 cxd4 10. Qxd4 Nc6 11. Qe4 Nd7 12. Bg5 Nc5 13. Qh4 Qc7 14. Bc2 f5 15.
Nbd2 b5 16. Rfe1 e5 17. a4 bxa4 18. Nc4 e4 19. Nxd6 Qxd6 20. Red1 Qg6 21. Nd4
Nxd4 22. cxd4 Nd7 23. Bxa4 Nf6 24. d5 h6 25. Be3 Bd7 26. Bxd7 Nxd7 27. Rxa7 Ne5
28. Qg3 Qf6 29. Rxa8 Rxa8 30. Bd4 f4 31. Qc3 Re8 32. Bxe5 Rxe5 33. d6 Re8 34.
d7 Rd8 35. Qc4+ Qf7 36. Qxe4 Rxd7 37. Qa8+ Kh7 38. Qe4+ Kg8 39. Re1 Rd5 40. h3
Rf5 41. b4 Qd7 42. Qe8+ Qxe8 43. Rxe8+ Kf7 44. Rb8 Rd5 45. b5 Rd1+ 46. Kh2 Rd2
47. f3 Rb2 48. b6 Rb1 49. b7 Kg6 50. h4 Kh5 51. Rf8 Rxb7 52. Rxf4 Kg6 53. Kh3
Ra7 54. Kg4 h5+ 55. Kg3 Ra6 56. Re4 Rb6 57. Re5 Ra6 58. Kf4 Rf6+ 59. Ke4 Ra6
60. Rd5 Re6+ 61. Kf4 Ra6 62. Ke5 Ra2 63. Rd6+ Kf7 64. g3 Ra3 65. Ke4 Rb3 66.
Rd3 Rb4+ 67. Rd4 Rb3 68. Kf4 Kg6 69. Rd6+ Kh7 70. Re6 Rb4+ 71. Re4 Rb6 72. Re5
Kg6 73. g4 hxg4 74. fxg4 Rb4+ 75. Re4 Rb5 76. Re6+ Kf7 77. Re5 Rb7 78. Kg5 Ra7
79. Rf5+ Kg8 80. Kg6 Ra6+ 81. Kg5 Ra7 82. Rb5 Ra8 83. Kh5 Rc8 84. g5 Kh7 85.
g6+ Kg8 86. Kg5 Ra8 87. Kf5 Kf8 88. h5 Rc8 89. Ke6 Ra8 90. Rd5 Re8+ 91. Kd7
Re7+ 92. Kd6 Ra7 93. Kc6 Ke7 94. Rf5 Ke6 95. Rf8 Ra5 96. h6 gxh6 97. g7 Rg5 98.
g8=Q+ Rxg8 99. Rxg8 Kf5 100. Kd5 h5 101. Rf8+ Kg4 102. Ke4 Kg3 103. Ke3 h4 104.
Rg8+ Kh3 105. Kf2 Kh2 106. Rh8 Kh3 107. Kg1 Kg3 108. Kh1 Kh3 109. Ra8 Kg3 110.
Ra3+ 1-0

[Event "2. Bundesliga West 2011/12"]
[Site "Kufstein"]
[Date "2012.01.28"]
[Round "7"]
[Board "6"]
[White "Streiter, Gerhard"]
[Black "Nussbaumer, Leon"]
[Result "1-0"]
[WhiteElo "2021"]
[BlackElo "1862"]
[PlyCount "121"]
[EventDate "2011.10.07"]
[EventType "team"]
[EventRounds "11"]
[EventCountry "AUT"]
[WhiteTeam "Schwaz"]
[BlackTeam "Hohenems 2"]

1. e4 c5 2. Nf3 e6 3. d4 cxd4 4. Nxd4 a6 5. Bd3 Nf6 6. O-O Qc7 7. c4 Nc6 8.
Nxc6 dxc6 9. f4 e5 10. f5 b5 11. Qe2 Bc5+ 12. Be3 Qb6 13. Bxc5 Qxc5+ 14. Kh1
Bb7 15. Nd2 Qb6 16. Rac1 Nd7 17. Nb3 O-O 18. c5 Qd8 19. Qe3 Qe7 20. Na5 Ra7 21.
b4 Rd8 22. Be2 Ba8 23. Rcd1 Nf6 24. Rxd8+ Qxd8 25. Rd1 Rd7 26. Rxd7 Qxd7 27.
Nb3 Bb7 28. Kg1 Kf8 29. g4 Ng8 30. Qd3 Qxd3 31. Bxd3 h6 32. Na5 Ba8 33. Kf2 Nf6
34. h3 Nh7 35. h4 f6 36. Bc2 Ke7 37. Bb3 Nf8 38. Ke3 Kd7 39. Bf7 Ke7 40. Bb3
Kd7 41. Bg8 Ke8 42. Kf3 Ke7 43. Kg3 Nd7 44. Be6 Nb8 45. Kf3 Nd7 46. Bxd7 Kxd7
47. g5 hxg5 48. hxg5 Ke7 49. Kg4 Kf8 50. Kh5 Kf7 51. gxf6 Kxf6 52. a3 Kf7 53.
Kg5 Kf8 54. f6 Kf7 55. fxg7 Kxg7 56. Kf5 Kf7 57. Kxe5 Ke7 58. Kf5 Kf7 59. e5
Ke7 60. e6 Ke8 61. Ke4 1-0

[Event "2. Bundesliga West 2011/12"]
[Site "Kufstein"]
[Date "2012.01.28"]
[Round "7"]
[Board "1"]
[White "Eisenbeiser, Amadeus"]
[Black "Westermeier, Arnulf"]
[Result "1-0"]
[WhiteElo "2409"]
[BlackElo "2260"]
[PlyCount "69"]
[EventDate "2011.10.07"]
[EventType "team"]
[EventRounds "11"]
[EventCountry "AUT"]
[WhiteTeam "Goetzis"]
[BlackTeam "ASK Salzburg"]

1. e4 c5 2. Nf3 a6 3. c4 Nc6 4. d4 cxd4 5. Nxd4 e5 6. Nc2 Nf6 7. Bd3 Bc5 8. O-O
d6 9. Nc3 Be6 10. Nd5 h6 11. Rb1 Bxd5 12. exd5 Nd4 13. Nxd4 Bxd4 14. Qf3 O-O
15. Qg3 Kh8 16. Qh3 Ng8 17. Bd2 Qe7 18. Bf5 b5 19. cxb5 axb5 20. a3 Qb7 21. Be4
f5 22. Bxf5 Qxd5 23. Be3 Bxe3 24. fxe3 e4 25. Rbd1 Qe5 26. Qg4 Nf6 27. Qg6 d5
28. Rc1 Ra7 29. Rf2 Rc7 30. Rd1 Rd8 31. Rfd2 Rc4 32. Rd4 Rc2 33. Rxe4 Qxb2 34.
Re7 Rg8 35. Bxc2 1-0

[Event "2. Bundesliga West 2011/12"]
[Site "Kufstein"]
[Date "2012.01.28"]
[Round "7"]
[Board "2"]
[White "Roth, Peter"]
[Black "Krassowizkij, Jaroslaw"]
[Result "0-1"]
[WhiteElo "2262"]
[BlackElo "2356"]
[PlyCount "80"]
[EventDate "2011.10.07"]
[EventType "team"]
[EventRounds "11"]
[EventCountry "AUT"]
[WhiteTeam "ASK Salzburg"]
[BlackTeam "Goetzis"]

1. e4 c5 2. Nf3 d6 3. d4 cxd4 4. Qxd4 Nc6 5. Bb5 Bd7 6. Bxc6 Bxc6 7. Nc3 Nf6 8.
Bg5 e6 9. O-O-O Be7 10. Qd3 Qa5 11. Kb1 O-O 12. h4 h6 13. Bd2 Qa6 14. Qxa6 bxa6
15. e5 Ng4 16. exd6 Bxd6 17. Be1 Rfd8 18. Nd4 Bxg2 19. Rg1 Be5 20. Rxg2 Bxd4
21. Rxg4 Bxc3 22. Rxd8+ Rxd8 23. bxc3 Rd1+ 24. Kb2 Rxe1 25. c4 Re5 26. Rd4 g5
27. hxg5 Rxg5 28. Rd6 a5 29. Kc3 h5 30. Kd4 h4 31. c5 h3 32. c6 h2 33. c7 h1=Q
34. c8=Q+ Kh7 35. Rd8 Rg4+ 36. Kc5 Qa1 37. Kd6 Qf6 38. Kd7 e5 39. Ke8 Rg8+ 40.
Kd7 Qf5+ 0-1

[Event "2. Bundesliga West 2011/12"]
[Site "Kufstein"]
[Date "2012.01.28"]
[Round "7"]
[Board "3"]
[White "Kessler, Luca"]
[Black "Juergens, Klaus"]
[Result "1-0"]
[WhiteElo "2247"]
[BlackElo "2165"]
[PlyCount "67"]
[EventDate "2011.10.07"]
[EventType "team"]
[EventRounds "11"]
[EventCountry "AUT"]
[WhiteTeam "Goetzis"]
[BlackTeam "ASK Salzburg"]

1. d4 Nf6 2. c4 g6 3. Nc3 Bg7 4. e4 d6 5. Nf3 O-O 6. h3 e5 7. d5 a5 8. Bg5 Na6
9. g4 Qe8 10. Be2 Nd7 11. a3 Nb6 12. Nd2 Bd7 13. Be3 Na4 14. Nxa4 Bxa4 15. b3
Bd7 16. g5 f5 17. gxf6 Bxf6 18. Bg4 Rd8 19. Bxd7 Rxd7 20. Qg4 b6 21. Ke2 h5 22.
Qg3 Kh7 23. h4 Rg7 24. Rag1 b5 25. Rc1 bxc4 26. Rxc4 Qb5 27. Rhc1 Rb8 28. Qh3
Qd7 29. Qxd7 Rxd7 30. Rc6 Ra8 31. Nf3 Kg7 32. R1c3 Kf7 33. Bg5 Nc5 34. R3xc5
1-0

[Event "2. Bundesliga West 2011/12"]
[Site "Kufstein"]
[Date "2012.01.28"]
[Round "7"]
[Board "4"]
[White "Besner, Bernhard"]
[Black "Schmidlechner, Alexander"]
[Result "0-1"]
[WhiteElo "2175"]
[BlackElo "2273"]
[PlyCount "110"]
[EventDate "2011.10.07"]
[EventType "team"]
[EventRounds "11"]
[EventCountry "AUT"]
[WhiteTeam "ASK Salzburg"]
[BlackTeam "Goetzis"]

1. e4 c5 2. c3 d5 3. exd5 Qxd5 4. d4 g6 5. Nf3 Bg7 6. Na3 Nh6 7. Nb5 Na6 8. Be2
O-O 9. O-O Nf5 10. Bf4 cxd4 11. cxd4 Rd8 12. Bc7 Re8 13. Nc3 Qe6 14. d5 Qf6 15.
Be5 Qb6 16. Qa4 Rd8 17. Bxa6 bxa6 18. Bxg7 Kxg7 19. b3 Bb7 20. Qe4 Rac8 21.
Rac1 Qf6 22. Qb4 Qb6 23. Qe4 Qa5 24. Rfd1 Kg8 25. g4 Rxc3 26. Rxc3 Qxc3 27.
gxf5 Qf6 28. fxg6 hxg6 29. Rd3 e6 30. Qe5 Qxe5 31. Nxe5 Rxd5 32. f4 Kg7 33. Kf2
f6 34. Rxd5 Bxd5 35. Nd3 Kf7 36. Ke3 Ke7 37. Kd4 Kd6 38. h4 a5 39. Nc1 e5+ 40.
fxe5+ fxe5+ 41. Ke3 Ke6 42. a3 Kf5 43. Nd3 Bxb3 44. Nc5 Bd5 45. Nd7 Bc6 46. Nc5
e4 47. Nb3 Kg4 48. Nd4 Bb7 49. Ne6 Kxh4 50. Kf4 Bd5 51. Nd4 g5+ 52. Ke5 Bb7 53.
Kf5 e3 54. a4 Ba6 55. Nf3+ Kg3 0-1

[Event "2. Bundesliga West 2011/12"]
[Site "Kufstein"]
[Date "2012.01.28"]
[Round "7"]
[Board "5"]
[White "Engelhart, Achim"]
[Black "Loeffler, Christoph"]
[Result "1/2-1/2"]
[WhiteElo "2136"]
[BlackElo "2161"]
[PlyCount "71"]
[EventDate "2011.10.07"]
[EventType "team"]
[EventRounds "11"]
[EventCountry "AUT"]
[WhiteTeam "Goetzis"]
[BlackTeam "ASK Salzburg"]

1. e4 c6 2. d4 d5 3. Nd2 dxe4 4. Nxe4 Nf6 5. Nxf6+ gxf6 6. c3 Bf5 7. Nf3 Nd7 8.
g3 Nb6 9. Bg2 Bg7 10. Nh4 Bg6 11. O-O e6 12. a4 a5 13. Re1 O-O 14. Be3 Nd5 15.
Bd2 Qd7 16. Qc1 Rac8 17. Bh6 c5 18. Bxg7 Kxg7 19. dxc5 Rxc5 20. Qd1 Rfc8 21.
Qb3 Qc7 22. Rad1 Nb6 23. Rd4 e5 24. Rd2 Nc4 25. Rd5 Rxd5 26. Bxd5 Nd6 27. Rd1
Qc5 28. Bg2 Ne4 29. Qc2 Nd6 30. Nxg6 hxg6 31. Rd5 Qc7 32. Qd3 Rd8 33. b4 b6 34.
bxa5 bxa5 35. c4 Nb7 36. Qd1 1/2-1/2

[Event "2. Bundesliga West 2011/12"]
[Site "Kufstein"]
[Date "2012.01.28"]
[Round "7"]
[Board "6"]
[White "Scheiblmaier, Robert"]
[Black "Kranz, Armin"]
[Result "1-0"]
[WhiteElo "2113"]
[BlackElo "2100"]
[PlyCount "131"]
[EventDate "2011.10.07"]
[EventType "team"]
[EventRounds "11"]
[EventCountry "AUT"]
[WhiteTeam "ASK Salzburg"]
[BlackTeam "Goetzis"]

1. d4 Nf6 2. c4 e6 3. g3 d5 4. Bg2 dxc4 5. Nf3 c5 6. O-O Nc6 7. Ne5 Nxe5 8.
dxe5 Nd7 9. f4 Be7 10. Na3 Nb6 11. Qxd8+ Bxd8 12. Be3 Be7 13. Rfc1 Rb8 14. Nxc4
Nxc4 15. Rxc4 b6 16. Bc6+ Bd7 17. Bf3 O-O 18. Rc2 Rfc8 19. Rd1 Be8 20. b3 Rc7
21. Be4 b5 22. Rdc1 Rbc8 23. Bd2 c4 24. Ba5 Bc5+ 25. Kf1 Bb6 26. Bb4 Bc6 27.
Bxc6 Rxc6 28. a4 a6 29. axb5 axb5 30. bxc4 bxc4 31. Ra1 h5 32. Kg2 Kh7 33. Kf3
Kg6 34. Rac1 Ba7 35. h3 Kh7 36. e3 Bb6 37. g4 Kh6 38. Rg2 g6 39. Rgc2 hxg4+ 40.
hxg4 Kg7 41. Be7 Bd8 42. Bb4 Bb6 43. g5 R6c7 44. Bd6 Rd7 45. Rh1 Rh8 46. Rxh8
Kxh8 47. Rxc4 Kg7 48. Rc6 Bd8 49. Ra6 Be7 50. Ke4 Bf8 51. Kd4 Rb7 52. Rc6 Rb1
53. Ke4 Rd1 54. Kf3 Rd5 55. Ke2 Ra5 56. Rc8 Bxd6 57. exd6 Rd5 58. Rc6 f5 59.
gxf6+ Kxf6 60. e4 Rd4 61. Ke3 Rd1 62. e5+ Kf5 63. Rc8 Rd5 64. Rf8+ Kg4 65. Rf6
g5 66. Rg6 1-0

[Event "2. Bundesliga West 2011/12"]
[Site "Kufstein"]
[Date "2012.01.28"]
[Round "7"]
[Board "1"]
[White "Dobosz, Henryk"]
[Black "Berchtenbreiter, Maximilian"]
[Result "1-0"]
[WhiteElo "2396"]
[BlackElo "2330"]
[PlyCount "87"]
[EventDate "2011.10.07"]
[EventType "team"]
[EventRounds "11"]
[EventCountry "AUT"]
[WhiteTeam "Bregenz"]
[BlackTeam "Kufstein / Woergl 2"]

1. d4 Nf6 2. Nf3 e6 3. e3 c5 4. Bd3 b6 5. O-O Bb7 6. c4 Be7 7. Nc3 a6 8. b3 d5
9. Bb2 O-O 10. Rc1 Nbd7 11. Qe2 Qb8 12. Rfd1 Bc6 13. cxd5 Nxd5 14. Nxd5 exd5
15. dxc5 Nxc5 16. Nd4 Bd7 17. Nf5 Bxf5 18. Bxf5 g6 19. Bc2 Qb7 20. Qd2 Rad8 21.
Qd4 f6 22. b4 Ne6 23. Qd2 Rd6 24. Bb3 Rfd8 25. Rc3 Kg7 26. Rd3 Nc7 27. Qe2 Re6
28. Rd4 Bd6 29. Qd2 Be5 30. Rd3 Bxb2 31. Qxb2 Re5 32. Qd2 b5 33. Rd4 Qb6 34. h3
Qe6 35. e4 Re8 36. exd5 Qd6 37. Qc3 Re2 38. Qg3 R8e5 39. Rc1 Ne6 40. Rdd1 Ng5
41. Qc3 Kh6 42. Qc5 Qd7 43. Qf8+ Kh5 44. g4+ 1-0

[Event "2. Bundesliga West 2011/12"]
[Site "Kufstein"]
[Date "2012.01.28"]
[Round "7"]
[Board "2"]
[White "Maurer, Jochen"]
[Black "Herbrechtsmeier, Christof"]
[Result "0-1"]
[WhiteElo "2272"]
[BlackElo "2246"]
[PlyCount "80"]
[EventDate "2011.10.07"]
[EventType "team"]
[EventRounds "11"]
[EventCountry "AUT"]
[WhiteTeam "Kufstein / Woergl 2"]
[BlackTeam "Bregenz"]

1. e4 g6 2. d4 Bg7 3. Nc3 d5 4. Be3 Nf6 5. e5 Ng4 6. Bd3 f6 7. exf6 Bxf6 8. Qf3
c6 9. h4 O-O 10. h5 g5 11. Qe2 e5 12. dxe5 Nxe3 13. Qxe3 Bxe5 14. Nge2 Qf6 15.
O-O-O Be6 16. Rhf1 Nd7 17. g3 g4 18. Kb1 b5 19. Nf4 Bxf4 20. gxf4 Rae8 21. Qxa7
Ra8 22. Qc7 d4 23. Ne4 Qxf4 24. Qxf4 Rxf4 25. a3 Bd5 26. Rde1 h6 27. Ng3 Raf8
28. Re7 Nc5 29. Bh7+ Kh8 30. Rfe1 Rxf2 31. b4 Na4 32. Bd3 R2f3 33. Rh7+ Kg8 34.
Ree7 Bf7 35. Rhxf7 R8xf7 36. Re8+ Rf8 37. Rxf8+ Kxf8 38. Nf5 g3 39. Nxd4 Rf2
40. Ne2 Rxe2 0-1

[Event "2. Bundesliga West 2011/12"]
[Site "Kufstein"]
[Date "2012.01.28"]
[Round "7"]
[Board "3"]
[White "Poettinger, Harald"]
[Black "Rusche, Johannes"]
[Result "0-1"]
[WhiteElo "2200"]
[BlackElo "2233"]
[PlyCount "60"]
[EventDate "2011.10.07"]
[EventType "team"]
[EventRounds "11"]
[EventCountry "AUT"]
[WhiteTeam "Bregenz"]
[BlackTeam "Kufstein / Woergl 2"]

1. c4 Nf6 2. g3 e6 3. Bg2 a6 4. e4 d5 5. exd5 exd5 6. cxd5 Nxd5 7. Nc3 Nb4 8.
d4 Qxd4 9. Qe2+ Be7 10. Nf3 Qd3 11. Qxd3 Nxd3+ 12. Ke2 Nc5 13. Nd5 Bd8 14. Be3
Ne6 15. Rac1 Nd7 16. Rhd1 c6 17. Nc3 Nf6 18. Ne5 O-O 19. b4 Bc7 20. Nc4 Ng4 21.
Bb6 Re8 22. h3 Ne5 23. Na4 Nxc4 24. Rxc4 Nc5+ 25. Kf1 Nxa4 26. Bxc7 Nb2 27. Re4
Bxh3 28. Rde1 Rxe4 29. Rxe4 Be6 30. a3 Nc4 0-1

[Event "2. Bundesliga West 2011/12"]
[Site "Kufstein"]
[Date "2012.01.28"]
[Round "7"]
[Board "4"]
[White "Blaskowski, Johannes"]
[Black "Matt, Fabian"]
[Result "1/2-1/2"]
[WhiteElo "2303"]
[BlackElo "2169"]
[PlyCount "79"]
[EventDate "2011.10.07"]
[EventType "team"]
[EventRounds "11"]
[EventCountry "AUT"]
[WhiteTeam "Kufstein / Woergl 2"]
[BlackTeam "Bregenz"]

1. e4 e5 2. Nf3 Nf6 3. Bc4 Nc6 4. Ng5 d5 5. exd5 Na5 6. Bb5+ c6 7. dxc6 bxc6 8.
Bd3 h6 9. Ne4 Nd5 10. O-O Be7 11. Re1 O-O 12. Ng3 f5 13. Rxe5 f4 14. Nf5 Bf6
15. Re1 Bg5 16. h4 Bxf5 17. Bxf5 Rxf5 18. hxg5 f3 19. d4 hxg5 20. Qd3 Qf8 21.
g4 Rf7 22. Bxg5 Nf4 23. Qxf3 Ne6 24. Qe3 Nxg5 25. Qxg5 Rxf2 26. Qe3 Rf3 27.
Qe6+ Kh8 28. Qe5 Nc4 29. Qh2+ Kg8 30. Nd2 Nxd2 31. Qxd2 Rg3+ 32. Kh2 Qf3 33.
Qe2 Qf8 34. Kh1 Qf6 35. Qh2 Rg2 36. Qh3 Rd2 37. Re3 Qxd4 38. g5 Qd5+ 39. Qf3
Rxc2 40. Rae1 1/2-1/2

[Event "2. Bundesliga West 2011/12"]
[Site "Kufstein"]
[Date "2012.01.28"]
[Round "7"]
[Board "5"]
[White "Mira, Helene"]
[Black "Pitschka, Claus"]
[Result "1/2-1/2"]
[WhiteElo "2083"]
[BlackElo "2235"]
[PlyCount "84"]
[EventDate "2011.10.07"]
[EventType "team"]
[EventRounds "11"]
[EventCountry "AUT"]
[WhiteTeam "Bregenz"]
[BlackTeam "Kufstein / Woergl 2"]

1. Nf3 d5 2. d4 Nf6 3. c4 c6 4. Nc3 a6 5. c5 Nbd7 6. Bf4 Nh5 7. Bc1 g6 8. e4
dxe4 9. Nxe4 Bg7 10. Bc4 O-O 11. O-O b6 12. cxb6 Nxb6 13. Be2 Bf5 14. Nc5 Bg4
15. Be3 Nd5 16. h3 Nxe3 17. fxe3 Bc8 18. Ne5 Bxe5 19. Bxh5 Bg7 20. Bf3 Qb6 21.
Na4 Qc7 22. Rc1 Bd7 23. d5 Bh6 24. Rc3 Qa7 25. dxc6 Bxe3+ 26. Kh1 Be6 27. b3
Rac8 28. Re1 Bf2 29. Re2 Bf5 30. g4 Be6 31. Kg2 Rfd8 32. Rd2 Rxd2 33. Qxd2 Bh4
34. Nc5 Qc7 35. Nxe6 Qg3+ 36. Kf1 fxe6 37. Bg2 Qh2 38. Rf3 Qd6 39. Qxd6 exd6
40. Rc3 Bf6 41. Rc2 d5 42. b4 Ra8 1/2-1/2

[Event "2. Bundesliga West 2011/12"]
[Site "Kufstein"]
[Date "2012.01.28"]
[Round "7"]
[Board "6"]
[White "Steinbacher, Thomas"]
[Black "Froewis, Annika"]
[Result "1-0"]
[WhiteElo "2053"]
[BlackElo "1978"]
[PlyCount "57"]
[EventDate "2011.10.07"]
[EventType "team"]
[EventRounds "11"]
[EventCountry "AUT"]
[WhiteTeam "Kufstein / Woergl 2"]
[BlackTeam "Bregenz"]

1. d4 d5 2. Nc3 Nf6 3. Bg5 Bf5 4. f3 c6 5. Qd2 Nbd7 6. O-O-O Qa5 7. e4 dxe4 8.
fxe4 Bg4 9. Be2 Bxe2 10. Ngxe2 b5 11. d5 b4 12. dxc6 Ne5 13. Nd5 O-O-O 14. c7
Rd7 15. Bxf6 exf6 16. Kb1 Bd6 17. Nd4 Bxc7 18. Nxc7 Kxc7 19. a3 Rb8 20. axb4
Rxb4 21. Qc3+ Kb7 22. Nb3 Rxd1+ 23. Rxd1 Qb5 24. Nc5+ Kb6 25. Nb3 Nc4 26. Rd5
Qa4 27. Qd4+ Kc6 28. Rc5+ Kb7 29. Rxc4 1-0

[Event "2. Bundesliga West 2011/12"]
[Site "Kufstein"]
[Date "2012.01.29"]
[Round "8"]
[Board "1"]
[White "Dobosz, Henryk"]
[Black "Platzgummer, Fabian"]
[Result "1/2-1/2"]
[WhiteElo "2396"]
[BlackElo "2304"]
[PlyCount "104"]
[EventDate "2011.10.07"]
[EventType "team"]
[EventRounds "11"]
[EventCountry "AUT"]
[WhiteTeam "Bregenz"]
[BlackTeam "Zillertal"]

1. Nf3 d5 2. e3 Nf6 3. c4 e6 4. d4 a6 5. a3 c5 6. dxc5 Bxc5 7. b4 Bd6 8. Bb2
O-O 9. Nbd2 Nc6 10. Be2 Bc7 11. O-O e5 12. b5 axb5 13. cxb5 e4 14. bxc6 exf3
15. Nxf3 bxc6 16. Qc2 Bb7 17. Rfb1 Re8 18. Bf1 Rb8 19. Bd4 Ba8 20. Rxb8 Bxb8
21. a4 Ne4 22. Bd3 Qd6 23. Rc1 f5 24. g3 Qe7 25. Nd2 h5 26. f4 c5 27. Bxc5 Nxc5
28. Qxc5 Qxc5 29. Rxc5 Ba7 30. Rc2 Rxe3 31. Kf1 Rxd3 32. Rc8+ Kh7 33. Rxa8 Rxd2
34. Rxa7 Rxh2 35. Rd7 Rd2 36. a5 d4 37. a6 Ra2 38. a7 d3 39. Ke1 Kh6 40. Rd6+
g6 41. Rd7 h4 42. gxh4 Kh5 43. Rxd3 Rxa7 44. Kf2 Kxh4 45. Rd6 Kh5 46. Kg3 Ra3+
47. Kg2 Kg4 48. Rxg6+ Kxf4 49. Rf6 Ra2+ 50. Kf1 Kg4 51. Rb6 f4 52. Rb3 Ra1+
1/2-1/2

[Event "2. Bundesliga West 2011/12"]
[Site "Kufstein"]
[Date "2012.01.29"]
[Round "8"]
[Board "2"]
[White "Lanka, Zigurds"]
[Black "Herbrechtsmeier, Christof"]
[Result "0-1"]
[WhiteElo "2442"]
[BlackElo "2246"]
[PlyCount "92"]
[EventDate "2011.10.07"]
[EventType "team"]
[EventRounds "11"]
[EventCountry "AUT"]
[WhiteTeam "Zillertal"]
[BlackTeam "Bregenz"]

1. e4 g6 2. d4 Bg7 3. Nc3 d5 4. e5 c5 5. f4 cxd4 6. Qxd4 Be6 7. Bb5+ Nc6 8. Qa4
Qb6 9. Nf3 Nh6 10. Nd4 O-O 11. Be3 Nxd4 12. Qxd4 Qa5 13. Bd3 f6 14. Qa4 Qxa4
15. Nxa4 fxe5 16. fxe5 Ng4 17. Bd4 b6 18. O-O-O Nf2 19. Bxf2 Rxf2 20. g3 Raf8
21. Nc3 Bg4 22. Rde1 e6 23. Nb5 Bf3 24. Rhf1 Rxh2 25. Kb1 a5 26. a4 Rg2 27. Nd4
Bg4 28. Rh1 Rff2 29. Nc6 Bf8 30. Ref1 Bc5 31. Ka2 Rxf1 32. Rxf1 Rxg3 33. Nb8
Rf3 34. Rh1 Bf5 35. Nd7 h5 36. Bxf5 Rxf5 37. c3 Kf7 38. Rh4 Bf2 39. Rh3 Ke7 40.
Nb8 Kd8 41. b4 Kc7 42. Na6+ Kb7 43. b5 h4 44. Rd3 Bc5 45. Kb3 g5 46. c4 d4 0-1

[Event "2. Bundesliga West 2011/12"]
[Site "Kufstein"]
[Date "2012.01.29"]
[Round "8"]
[Board "3"]
[White "Poettinger, Harald"]
[Black "Hausner, Ivan"]
[Result "1/2-1/2"]
[WhiteElo "2200"]
[BlackElo "2405"]
[PlyCount "50"]
[EventDate "2011.10.07"]
[EventType "team"]
[EventRounds "11"]
[EventCountry "AUT"]
[WhiteTeam "Bregenz"]
[BlackTeam "Zillertal"]

1. c4 b6 2. Nc3 Bb7 3. e4 e6 4. Nge2 g6 5. g3 Bg7 6. Bg2 Ne7 7. O-O O-O 8. d4
d6 9. d5 e5 10. f4 exf4 11. gxf4 Nd7 12. Nd4 Re8 13. Be3 Nf5 14. Nxf5 gxf5 15.
Bd4 Bxd4+ 16. Qxd4 Qf6 17. Qxf6 Nxf6 18. exf5 Ba6 19. b3 Re3 20. Rf3 Rae8 21.
Raf1 Rxf3 22. Rxf3 Re1+ 23. Rf1 Re3 24. Rf3 Re1+ 25. Rf1 Re3 1/2-1/2

[Event "2. Bundesliga West 2011/12"]
[Site "Kufstein"]
[Date "2012.01.29"]
[Round "8"]
[Board "4"]
[White "Kleissl, Helmut"]
[Black "Matt, Fabian"]
[Result "0-1"]
[WhiteElo "2306"]
[BlackElo "2169"]
[PlyCount "82"]
[EventDate "2011.10.07"]
[EventType "team"]
[EventRounds "11"]
[EventCountry "AUT"]
[WhiteTeam "Zillertal"]
[BlackTeam "Bregenz"]

1. Nf3 Nf6 2. c4 b6 3. g3 Bb7 4. Bg2 e6 5. O-O Be7 6. Nc3 O-O 7. d4 Ne4 8. Bd2
f5 9. Qc2 Nxc3 10. Bxc3 Be4 11. Qb3 Bf6 12. Rac1 Re8 13. Rfd1 a5 14. a4 d6 15.
c5 Bd5 16. Qa3 dxc5 17. dxc5 Be7 18. Qa1 Bxc5 19. b4 axb4 20. Bxg7 Qd7 21. Bh6
Rxa4 22. Qe5 Bd6 23. Qe3 Qe7 24. Bg5 Qf7 25. Ne5 Bxe5 26. Qxe5 c6 27. f3 Nd7
28. Qc7 Ra2 29. Bd2 Nc5 30. Qxb6 Nb3 31. Qxb4 Qa7+ 32. Kf1 Rxd2 33. Rxd2 Nxc1
34. Rb2 Qe3 35. Bh3 Nb3 36. Kg2 Nd4 37. Qc5 Bxf3+ 38. exf3 Qxf3+ 39. Kg1 Ne2+
40. Rxe2 Qxe2 41. Qc1 Qe5 0-1